000 00552nam a2200193 a 4500
001 18581
003 CO-ViMGA
008 141112s2004 ck r 000 u spa d
020 _a9586761606
040 _aCO-ViMGA
_bspa
_cCO-ViMGA
082 0 4 _a346.03 C173
100 1 _aCardona Hernandez, Guillermo
_926447
245 1 0 _aCurso de obligaciones
260 _aBogotá,
_cDoctrina y ley,
_c2001
300 _a226.p.
590 _aForma de adquisición : Donacion Atenas - - Precio :
_15.000
650 1 4 _aOBLIGACIONES - DERECHO
_955247
942 _2ddc
_cBK
999 _c27843
_d27843